تحميل...

Lectures on curves, surfaces and projective varities- A classical view of algebaric geometry

التفاصيل البيبلوغرافية
المؤلف الرئيسي: Beltrametti, Mauro C etal
التنسيق: Printed Book
منشور في: EMS 2003
LEADER 00393nam a22000977a 4500
100 |a Beltrametti, Mauro C etal 
245 |a Lectures on curves, surfaces and projective varities- A classical view of algebaric geometry 
260 |b EMS  |c 2003 
942 |c BK 
999 |c 135276  |d 135276 
952 |0 0  |1 0  |4 0  |6 14_000000000000000_BEL  |7 0  |9 149574  |a MAT  |b MAT  |c GEN  |d 2012-12-12  |i 5694  |l 0  |o 14 BEL  |p MAT5694  |r 2013-08-01  |w 2013-08-01  |y BK